| 000 | 00978nam a2200301Ia 4500 | ||
|---|---|---|---|
| 003 | OSt | ||
| 005 | 20221007125653.0 | ||
| 006 | a|||||r|||| 00| 0 | ||
| 007 | ta | ||
| 008 | 221006b |||||||| |||| 00| 0 eng d | ||
| 020 |
_a0444521666 (hbd) _cRs.10922.40 |
||
| 024 | _a70394 | ||
| 037 |
_b171, 23/10/2006, Ashutosh Technical Books _cTextual |
||
| 040 |
_aCDL _cCDL _beng |
||
| 041 |
_2eng _aeng |
||
| 082 | _aLZ3:(E:4), P6 Carc | ||
| 100 |
_aVardanyan R S _9722300 |
||
| 245 | 0 |
_aSynthesis of essential drugs _b Hruby V J |
|
| 260 |
_aAmsterdam _bElsevier _c2006 |
||
| 300 |
_axvi, 617p. _ccm. |
||
| 500 | _aIncludes bibliographical references.; Index 595-617p. | ||
| 650 | _a Drugs | ||
| 650 |
_a Medicinal chemistry _9712223 |
||
| 650 | _aChemistry | ||
| 700 |
_a Hruby V J _9722301 |
||
| 942 |
_hLZ3:(E:4), P6 Carc _cTEXL _2CC |
||
| 999 |
_c1215686 _d1215686 |
||